Поэзия народов мира: (От древнейших времен до рубежа ХIХ-ХХ вв. )

Detalhes bibliográficos
Resumo:Лучшие образцы мировой поэзии, вошедшие в том, воспевают непреходящие духовные ценности: любовь к Родине, красоту труда, верность мечте о социальной справедливости и свободе. В книгу включены произведения зарубежных поэтов от древнейших времен до рубежа XIX - XX веков: Анакреонта, Платона, А.Тибулла, У.Шекспира, Д.Мильтона, Д.Свифта, Р.Л.Стивенсона, Вольтера, В.Гюго, Ш.Бодлера, И.В.Гете, Ф.Шиллера, Г.Гейне, Ф.Петрарки, Я.Кохановского, Х.К.Андерсена, З.Топелиуса, Э.А.По и других
Idioma:russo
Publicado em: Москва, Детская литература, 1986
Colecção:Библиотека мировой литературы для детей
Assuntos:
Formato: Livro
KOHA link:https://koha.lib.tpu.ru/cgi-bin/koha/opac-detail.pl?biblionumber=176971

MARC

LEADER 00000nam0a2200000 4500
001 176971
005 20231031165442.0
020 |a RU  |b 86-66824 
035 |a (RuTPU)RU\TPU\book\191877 
090 |a 176971 
100 |a 20100310d1986 de y0rusy5003 ca 
101 0 |a rus 
102 |a RU 
105 |a a z 000ay 
200 1 |a Поэзия народов мира  |e (От древнейших времен до рубежа ХIХ-ХХ вв. )  |f [сост. В. В. Левика и др.  |g Вступ. ст. Г. Кружкова: с. 3-20] 
210 |a Москва  |c Детская литература  |d 1986 
215 |a 718,[1] с., [9] л. ил.  |c цв. ил. 
225 1 |a Библиотека мировой литературы для детей 
327 1 |a Авт.: Архилох, Тиртей, Алкей, Сапфо; Солон; Анакреонт, Феогнид, Ксенофан, Платон, Гай Валерий Катулл, и др. 
330 |a Лучшие образцы мировой поэзии, вошедшие в том, воспевают непреходящие духовные ценности: любовь к Родине, красоту труда, верность мечте о социальной справедливости и свободе. В книгу включены произведения зарубежных поэтов от древнейших времен до рубежа XIX - XX веков: Анакреонта, Платона, А.Тибулла, У.Шекспира, Д.Мильтона, Д.Свифта, Р.Л.Стивенсона, Вольтера, В.Гюго, Ш.Бодлера, И.В.Гете, Ф.Шиллера, Г.Гейне, Ф.Петрарки, Я.Кохановского, Х.К.Андерсена, З.Топелиуса, Э.А.По и других 
610 1 |a детская литература 
610 1 |a художественная литература 
610 1 |a поэзия 
610 1 |a народы мира 
675 |a 89  |z rus 
801 0 |a RU  |b RuMRKP  |c 19950704  |g psbo 
801 1 |a RU  |b 63413507  |c 20100310 
801 2 |a RU  |b 63413507  |c 20100422  |g RCR 
942 |c BK